Modern art knowledge - Statistics

General Stats
  • This quiz has been taken 18 times
  • The average score is 5 of 15
Answer Stats
Hint Answer % Correct
Wchich art movement focuses on breaking objects into multiple planes representing several angles at once to reveal object’s true nature? Cubism
88%
Wchich artist depicted the motion of a nude descending down stairs? Duchamp/Marcel Duchamp
71%
Wchich artist was among other things known for his reckless behavior such as urinating in a fireplace or drunk driving, wchich ultimately cost him his life? Pollock/Jackson Pollock
59%
Wchich poltical party declared modern art “degenerate” and made exhibitions with stolen artworks under such title? Nazis
53%
Wchich paining technique focused on tedious application of paint into tiny dots forming the picture like a mosaic? Pointilism
47%
Peggy Guggenheim’s father Benjamin Guggenheim died in 1912 in a tragic event well known outside the art community. Wchich tragedy was it? Titanic
47%
What sport did the above excell in alongside being an artist? Chess
41%
What art movement was Yoko Ono part of? Fluxus
35%
Who was the founder of italian futurism? Marinetti/Filippo Tommaso Marinetti
35%
What is the name of a game invented by surrealists, wchich involves writing words or drawing images on a single sheet of paper by multiple people? Exquisite Corpse
24%
Wchich scientific theory did the above influence? Quantum Mechanics
12%
Who was the founder of Op Art movement (not to be confused with pop art)? Vasarely/Victor Vasarely
12%
How was the founding group for pop art called? Independent group
6%
Who was the dircetor of the 1924 short art film Ballet Mécanique? Fernand Léger/Dudley Murphy
0%
Wchich futurist painter was also a composer, creator of the intonarumori and founder of noise music? Luigi Russolo
0%
No matching quizzes found
Score Distribution
Percent of People with Each Score
Percentile by Number Answered
Your Score History
You have not taken this quiz